| 000 | 00469nam a2200181Ia 4500 | ||
|---|---|---|---|
| 003 | GCL | ||
| 008 | 140319s9999 xx 000 0 eng d | ||
| 020 | _a1564969894 | ||
| 040 |
_aGCL / _cGCL |
||
| 082 | 0 | 4 |
_a747.8523 _bR O |
| 245 | 1 | 0 | _aOFFICE DESIGN SOURCE BOOK |
| 260 |
_aنيويورك : _bROCKPORT PUBLISHERS INC. ، _c2003 |
||
| 300 |
_a32 CM ؛ _c272 P |
||
| 650 | 0 | 4 | _aOFFICE DESIGN |
| 650 | 0 | 4 | _aOFFICE ROOMS |
| 650 | 0 | 4 | _aOFFICE DECORATION |
| 942 |
_2ddc _cBK |
||
| 999 |
_c6608 _d6608 |
||